Visualizzazione normale
Vista MARC
- Alfven
di Personal Name
Records bibliografici associati: 1
001 - CONTROL NUMBER
- control field: 12385
003 - CONTROL NUMBER IDENTIFIER
- control field: IT-RoPau
005 - DATE AND TIME OF LATEST TRANSACTION
- control field: 20140206092215.0
008 - FIXED-LENGTH DATA ELEMENTS
- fixed length control field: 140206|| aca||aabn | a|a d
040 ## - CATALOGING SOURCE
- Original cataloging agency: IT-RoPau
- Transcribing agency: IT-RoPau
100 ## - HEADING--PERSONAL NAME
- Personal name: Alfven
- Miscellaneous information: Codice autore musica SPICS: 15851
- Relator term: Autore musica
- Name of part/section of a work: Swedish Rhapsody
670 ## - SOURCE DATA FOUND
- Source citation: Work cat.: (IT-RoPau)100081: AA.VV. 794, Romantic Europe